000 00687nam a2200289Ia 4500
005 20260324150350.0
008 008 260324s9999 xx 000 0 eng d
020 _a9780203198759
037 _aEBOOK
040 _aCRL
040 _beng
040 _cCRL
041 _2eng
041 _aeng
084 _qCRL
100 _aJ.R. de J. Jackson
_91225994
245 0 _aSamuel Taylor Coleridge
245 4 _bThe Critical Heritage Volume 1 1794-1834
260 _bTaylor and Francis
260 _c1968
365 _a
365 _b540
856 _uhttp://www.taylorfrancis.com/books/9780203198759
942 _cEBOOK
999 _c1835502
_d1835502